000 00702nam a2200277Ia 4500
005 20260324123056.0
008 008 260324s9999 xx 000 0 eng d
020 _a9780429235542
037 _aEBOOK
040 _aCRL
040 _beng
040 _cCRL
041 _2eng
041 _aeng
084 _qCRL
100 _aDeirdre Robson; Ivor Hickey
_91168927
245 4 _aThe Leonardo Effect: Motivating Children To Achieve Through Interdisciplinary Learning
260 _bTaylor and Francis
260 _c2012
365 _a
365 _b280
856 _uhttp://www.taylorfrancis.com/books/9780429235542
942 _cEBOOK
999 _c1762134
_d1762134